| 000 | 00905nam1a2200277 i 4500 | ||
|---|---|---|---|
| 001 | RU\NLR\BIBL_A\022182118 | ||
| 005 | 20240727144136.0 | ||
| 035 | _a(NLR Aleph) 022182118 | ||
| 090 |
_a12985348 _c12985348 |
||
| 100 | _a20240315g20239999u y0rusy50 ca | ||
| 101 | 0 | _arus | |
| 102 | _aRU | ||
| 105 | _a||||z|||||||| | ||
| 181 | 0 |
_ai3 _baxxe |
|
| 182 | 0 | _an | |
| 200 | 1 |
_aГлаза _eстихи _fНиязян (Кагиян) Э. С. |
|
| 203 |
_aТекст _bвизуальный _cнепосредственный |
||
| 210 |
_aКраснодар _cДедков И. В. (типография "Гранат") _d2023 |
||
| 215 | _d22 | ||
| 686 | 2 | _aШ6(2=Ар)7-5 | |
| 700 | 1 |
_aНиязян _bЭ. С. _f1953- _gЭрика Саркисовна |
|
| 852 |
_aNLR _j2024-5/2101 |
||
| 942 | _cBOOK | ||